<The> European Union history, institutions, economics and policies

Gespeichert in:
Bibliographische Detailangaben
1. Verfasser: El-Agraa, Ali M.
Format: Buch
Sprache:Englisch
Veröffentlicht: London Prentice Hall Europe 1999
Ausgabe:5. ed.
Schlagworte:
Tags: Tag hinzufügen
Keine Tags, Fügen Sie das erste Tag hinzu!

MARC

LEADER 00000nam a2200000 4500
001 c117241
005 20231215115027.3
020 |a 0-13-916263-1 
041 0 |a eng 
044 |a GB 
245 1 0 |a <The> European Union  |b history, institutions, economics and policies  |c Ali M. El-Agraa 
250 |a 5. ed. 
264 1 |a London  |b Prentice Hall Europe  |c 1999 
300 |a [609] s. 
610 2 0 |a Európska únia 
610 2 0 |a Európske spoločenstvá 
610 2 0 |a integrácia ekonomická medzinárodná 
610 2 0 |a politika hospodárska medzinárodná 
610 2 0 |a politika regionálna 
610 2 0 |a politika priemyselná 
610 2 0 |a politika environmentálna 
610 2 0 |a sústava menová 
610 2 0 |a rozvoj hospodársky 
100 1 |a El-Agraa, Ali M.